Normal view
MARC view
- العيسى،نزار سعد الدين/ابراهيم سليمان قطف
Entry Personal Name
001 - CONTROL NUMBER
- control field: 28259
003 - CONTROL NUMBER IDENTIFIER
- control field: JO-AjAnu
005 - DATE AND TIME OF LATEST TRANSACTION
- control field: 20230606074806.0
008 - FIXED-LENGTH DATA ELEMENTS
- fixed length control field: 230606|| aca||aabn | a|a d
040 ## - CATALOGING SOURCE
- Original cataloging agency: JO-AjAnu
- Transcribing agency: JO-AjAnu
100 ## - HEADING--PERSONAL NAME
- Personal name: العيسى،نزار سعد الدين/ابراهيم سليمان قطف
670 ## - SOURCE DATA FOUND
- Source citation: Work cat.: (JO-AjAnu)14506: العيسى،نزار سعد الدين/ابراهيم سليمان قطف, author, الاقتصاد الكلي مبادىء وتطبيقات